MARC

LEADER 00000nam0a2200000 4500
001 291038
005 20231102000340.0
035 |a (RuTPU)RU\TPU\book\315600 
090 |a 291038 
100 |a 20150410d1961 k y0rusy50 ca 
101 0 |a rus 
102 |a RU 
105 |a a z 000zy 
200 1 |a Энергетика СССР  |e сборник статей  |f под ред. И. Т. Новикова 
210 |a Москва  |c Государственное энергетическое изд-во  |d 1961  |a Ленинград 
215 |a 380 с.  |c ил. 
606 1 |a Энергетика  |2 stltpush  |3 (RuTPU)RU\TPU\subj\21200  |9 46224 
610 1 |a электрификация 
610 1 |a энергетическая база 
610 1 |a энергетическая система 
610 1 |a энергетические ресурсы 
610 1 |a энергомашиностроение 
610 1 |a отрасли народного хозяйства 
610 1 |a применение 
610 1 |a электроприводы 
610 1 |a электротермия 
610 1 |a электрохимическая технология 
610 1 |a железные дороги 
610 1 |a сельское хозяйство 
675 |a 620.9  |v 3 
702 1 |a Новиков  |b И. Т.  |4 340 
801 1 |a RU  |b 63413507  |c 20150410 
801 2 |a RU  |b 63413507  |c 20181026  |g RCR 
942 |c BK